Predpoklady kvality v podnikovom plánovaní

Plánovanie podnikových aktivít ako jeden z najdôležitejších nástrojov moderného manažmentu, ktorý umožňuje realizovať adaptačný proces na čoraz zložitejšie trhové podmienky. Kvalitne zostavený podnikateľský plán. Tvorba podnikateľského plánu a poznanie rizikových premenných, ktoré môžu ovplyvniť bud...

Descrizione completa

Salvato in:
Dettagli Bibliografici
Autore principale: Jakubec, Vladimír
Natura: Capitolo di libro
Lingua:slovacco
Soggetti:
Tags: Aggiungi Tag
Nessun Tag, puoi essere il primo ad aggiungerne!!

MARC

LEADER 00000naa$a2200000$$$4500
001 0041931
005 20240502071512.8
041 0 |a slo 
044 |a SK 
245 1 0 |a Predpoklady kvality v podnikovom plánovaní  |c Vladimír Jakubec 
520 |a Plánovanie podnikových aktivít ako jeden z najdôležitejších nástrojov moderného manažmentu, ktorý umožňuje realizovať adaptačný proces na čoraz zložitejšie trhové podmienky. Kvalitne zostavený podnikateľský plán. Tvorba podnikateľského plánu a poznanie rizikových premenných, ktoré môžu ovplyvniť budúci vývoj. 
610 2 0 |a prostredie podnikateľské 
610 2 0 |a plán podnikateľský 
610 2 0 |a kvalita 
610 2 0 |a riziko podnikateľské 
100 1 |a Jakubec, Vladimír